Managing IT as a business <a> survival guide for CEOs
Gespeichert in:
| 1. Verfasser: | |
|---|---|
| Format: | Buch |
| Sprache: | Englisch |
| Veröffentlicht: |
Hoboken
John Wiley & Sons, Inc.
2004
|
| Schlagworte: | |
| Tags: |
Keine Tags, Fügen Sie das erste Tag hinzu!
|
MARC
| LEADER | 00000nam$a2200000$$$4500 | ||
|---|---|---|---|
| 001 | 0055955 | ||
| 005 | 20240306135259.3 | ||
| 020 | |a 0-471-47104-6 | ||
| 041 | 0 | |a eng | |
| 044 | |a US | ||
| 245 | 1 | 0 | |a Managing IT as a business |b <a> survival guide for CEOs |c Mark D. Lutchen |
| 264 | 1 | |a Hoboken |b John Wiley & Sons, Inc. |c 2004 | |
| 300 | |a xiii, 242 s. | ||
| 610 | 2 | 0 | |a technológie informačné |
| 610 | 2 | 0 | |a manažment informačný |
| 610 | 2 | 0 | |a riadenie |
| 610 | 2 | 0 | |a zdroje informácií |
| 610 | 2 | 0 | |a podnikanie |
| 610 | 2 | 0 | |a investície |
| 100 | 1 | |a Lutchen, Mark D. | |